000 00479nam a2200205Ia 4500
001 077917
003 YMCAF
005 20230512161154.0
008 100717s2003 ||||||||||||||||| ||und|d
024 _a77917
035 _a17377
040 _aYMCAF
_beng
_cIN-KoLT
041 _aeng
082 _a005.453
_bAHO
100 _aAho, Sethi and Ullman
245 0 _aCompilers principles, techniques and tools
260 _bAddison-Wesley
_c2003
300 _a796
942 _2ddc
_cBK
999 _c7867
_d7867